El explorador del Índico : diario del viaje de Francisco Noroña (1748?-1788) por las islas Filipinas, Java, Mauricio y Madagascar /
Guardat en:
| Autor principal: | |
|---|---|
| Altres autors: | |
| Format: | Electrònic eBook |
| Idioma: | espanyol |
| Publicat: |
[Madrid, España] :
Consejo Superior de Investigaciones Científicas : Ediciones Doce Calles,
[2009]
|
| Col·lecció: | Theatrum naturae. Colección de historia natural.
|
| Matèries: | |
| Accés en línia: | Digitalia Hispánica |
| Etiquetes: |
Afegir etiqueta
Sense etiquetes, Sigues el primer a etiquetar aquest registre!
|
MARC
| LEADER | 00000nam a2200000Ii 4500 | ||
|---|---|---|---|
| 001 | DIGDOCEC0074 | ||
| 003 | NyNyDIG | ||
| 006 | m o d | ||
| 007 | cr ||||||||||| | ||
| 008 | 241203s2009 sp ob 001 0 spa d | ||
| 035 | |a (OCoLC)1478204728 | ||
| 040 | |a DGITA |b eng |e rda |e pn |c DGITA | ||
| 020 | |z 9788400088071 |q (CSIC) | ||
| 020 | |z 9788497440806 |q (Doce Calles) | ||
| 024 | 7 | |z 472-08-097-1 |2 nipo | |
| 043 | |a e-sp--- | ||
| 050 | 1 | 4 | |a DS658 ebook |
| 100 | 1 | |a Pinar García, Susana, |e author. | |
| 245 | 1 | 3 | |a El explorador del Índico : |b diario del viaje de Francisco Noroña (1748?-1788) por las islas Filipinas, Java, Mauricio y Madagascar / |c Susana Pinar. |
| 264 | 1 | |a [Madrid, España] : |b Consejo Superior de Investigaciones Científicas : |b Ediciones Doce Calles, |c [2009] | |
| 300 | |a 1 online resource. | ||
| 336 | |a text |b txt |2 rdacontent | ||
| 337 | |a computer |b c |2 rdamedia | ||
| 338 | |a online resource |b cr |2 rdacarrier | ||
| 347 | |a text file |2 rdaft | ||
| 347 | |b PDF | ||
| 490 | 1 | |a Theatrum naturae. Colección de historia natural | |
| 504 | |a Includes bibliographical references and index. | ||
| 588 | 0 | |a Online resource; title from PDF title page (Digitalia, viewed December 3, 2024) | |
| 600 | 1 | 0 | |a Noroña, Francisco, |d 1748-1788 |x Travel. |
| 650 | 0 | |a Explorers |z Spain |v Diaries. | |
| 700 | 1 | |a Noroña, Francisco, |d 1748-1788. | |
| 791 | 2 | |a Digitalia (Firm), |e distributor. | |
| 793 | 0 | |g Digitalia eBook Collection: |a Ediciones Doce Calles | |
| 776 | 0 | 8 | |i Print version: |a Pinar García, Susana. |t Explorador del Índico. |d [Madrid, España] : Consejo Superior de Investigaciones Científicas : Ediciones Doce Calles, [2009] |z 9788400088071 |
| 830 | 0 | |a Theatrum naturae. |p Colección de historia natural. | |
| 856 | 4 | 0 | |3 Digitalia Hispánica |u https://digitalia.unach.elogim.com/a/160815/ |
| 910 | |a Premium collection: 2024 | ||